000 01102nas a2200361 4500
001 BR0702221
003 BR-BrBNA
005 20231205110738.0
007 ta
008 230509b bl.|||p| |||| 00| 00por d
040 _aBR-BrBNA
_bpor
_cBiblioteca Nacional de Agricultura
041 _a(Pt)
072 _aL51; L01
100 1 _aBarreto, S.L. de T.
100 1 _aPereira, C.A.
100 1 _aUmigi, R.T.
100 1 _aRocha, T.C. da R.
100 1 _aAraujo, M.S. de
100 1 _aSilva, C.S.
100 1 _aTorres Filho, R. de A.
245 1 _aDeterminação da exigência nutricional de cálcio de codornas japonesas na fase inicial do ciclo de produção
650 _aCODORNA
650 _aEXIGÊNCIA NUTRICIONAL
650 _aCÁLCIO
650 _aCOMPOSIÇÃO DE ALIMENTO
650 _aCONVERSÃO ALIMENTAR
650 _aOVO
650 _aQUALIDADE
650 _aPRODUÇÃO ANIMAL
773 0 _tRevista Brasileira de Zootecnia (Brazil)
_xISSN 1516-3598
_g(Jan-Feb 2007), v. 36(1) p. 68-78
_wBR0702221
909 _a202311
_bLúcia
_c55
_dLúcia Elande
942 _2AGRIS
_n0
_cANA
999 _c188850
_d188850